000 00484nam a2200157 i 4500
001 87283
003 ES-MaACL
005 20230906175634.0
007 t|
008 041220s1958 sp ||||1| spa d
100 1 _aKruckenberg, María del Carmen.
_968899
245 1 0 _aFarol del aire
_b: [poesías] /
_cMaría del Carmen Kruckenberg.
260 _a[S.l. :
_bs.n.,
_c1958] (
_eVigo :
_fGráf. Nordeste)
300 _a20 h., 5 lám. ;
_c17 cm.
852 _aES-MaACL
_j1969-F-14
_bR.41698
999 _c87283
_d87283